[Event "SapporoAutumn2018"]
[Site "?"]
[Date "2018.10.07"]
[Round "3.3"]
[White "YOSHII, Yoshihiko"]
[Black "SATO, Yasuji"]
[Result "1-0"]
[WhiteElo "1820"]
[BlackElo "1585"]
[Annotator "Fritz 15 (30s)"]
[PlyCount "227"]
[SourceVersionDate "2018.10.07"]

{[%mdl 8256] E12: Queen's Indian: Unusual White 4th moves, 4 a3, 4 Nc3 Bb7 5
a3 and 4 Nc3 Bb7} 1. c4 Nf6 2. Nc3 e6 3. d4 b6 4. Bg5 Be7 5. Nf3 Bb7 6. e3 h6
7. Bh4 d6 (7... c5 8. Be2 O-O 9. O-O Ne4 10. Nxe4 Bxe4 11. Bxe7 Qxe7 12. Qd2
cxd4 13. Nxd4 Rd8 14. Rfd1 Nc6 15. Rac1 Rac8 16. Bf3 Bxf3 17. Nxf3 d5 18. Qe2
dxc4 19. Qxc4 {1/2-1/2 (19) Spassky,B (2630)-Andersson,U (2600) Tilburg 1981})
8. Be2 (8. Bd3 Nbd7 9. O-O g5 10. Bg3 h5 11. d5 e5 12. h4 gxh4 13. Nxh4 Nxd5
14. Nxd5 Bxh4 15. Nxc7+ Qxc7 16. Bxh4 Rg8 17. f3 Nc5 18. Bf5 Ne6 19. Bf6 Qc5
20. Rf2 Kd7 21. Qd3 Rg3 22. b4 e4 {Palachev,P (2287)-Glidzhain,G (2381) Moscow
2012 1/2-1/2 (62)}) 8... Ng4 $146 (8... Nbd7 9. O-O g5 10. Bg3 h5 11. h4 g4 12.
Ng5 Nh7 13. Nxh7 Rxh7 14. d5 e5 15. Qd3 Rh8 16. Qf5 Bxh4 17. Bxh4 Qxh4 18. Nb5
O-O-O 19. Nxa7+ Kb8 20. Nc6+ Bxc6 21. dxc6 Nc5 22. b4 Na6 23. c5 {Nguyen,T 
(2353)-Kachiani Gersinska,K (2439) Elista 2004 1/2-1/2 (46)}) (8... O-O 9. O-O
Nbd7 10. Nd2 c5 11. f3 cxd4 12. exd4 d5 13. Bf2 Rc8 14. Qb3 dxc4 15. Nxc4 Nd5
16. Rfd1 Nxc3 17. bxc3 Bd5 18. Qa4 Nf6 19. Rac1 Qe8 20. Qa6 Bxc4 21. Bxc4 Nd5
22. Bxd5 exd5 23. Qxa7 {Dukhov,A (2340)-Kharlamov,V (2390) Briansk 1995 0-1 
(56)}) 9. Bg3 h5 (9... Nf6 10. h3 $11) 10. h4 Nd7 11. e4 {White has an active
position} Ndf6 12. d5 Qd7 13. Ng5 exd5 14. cxd5 {Black has a new backward pawn:
c7. Black has a cramped position} Nh7 (14... a6 15. O-O $14) 15. Bf4 (15. Bb5
$142 c6 16. dxc6 Bxc6 17. Bxc6 Qxc6 18. Nxh7 Rxh7 19. Rc1 $18) 15... O-O-O $4 (
15... a6 $142 $14 {and Black has air to breath}) 16. Nxf7 (16. Bb5 $142 {
nails it down} c6 17. dxc6 Bxc6 18. Bxc6 Qxc6 19. Rc1 Nxf2 20. Kxf2 $18) 16...
Nxf2 17. Kxf2 Bxh4+ 18. Rxh4 Qxf7 19. Bxh5 Qf8 $2 (19... Qe7 20. Bg3 $18) 20.
Qg4+ (20. Bg6 $5 {and White can already relax} Kb8 21. Qh5 Nf6 22. Qxh8 Qxh8
23. Rxh8 Rxh8 $18) 20... Kb8 21. Ke3 (21. Bg6 {and White can already relax} Nf6
22. Qg3 Rxh4 23. Qxh4 Qe7 $18) 21... Nf6 $2 (21... Qe7 $142 22. Rh2 g5 $16) 22.
Qg6 Re8 23. Kd3 $4 {with this move White loses his initiative} (23. Bg5 $142 {
White missed this excellent chance} Re5 24. Rd1 $18) 23... Nxh5 $11 24. Rxh5
Qxf4 25. Rf5 {White threatens to win material: Rf5xf4} Ba6+ 26. Kc2 Qe3 {
White king safety dropped} (26... Qh4 27. Rf3 $15) 27. Rd1 $11 Reg8 28. Rf3 {
White threatens to win material: Rf3xe3} Qh6 29. Qg4 Rf8 30. Rd2 Bc8 {Black
threatens to win material: Bc8xg4} 31. Qg3 g5 32. Rdf2 Qg7 (32... Rxf3 33. Rxf3
g4 34. Rf4 $11) 33. Rxf8 $14 Rxf8 34. Rxf8 Qxf8 35. Qxg5 {White has a new
passed pawn: g2} Qf2+ 36. Qd2 {White threatens to win material: Qd2xf2} Qc5 37.
Qe2 a5 38. a3 Ka7 39. Qb5 (39. g4 $5 $16) 39... Qf2+ $11 {Black forks: g2} 40.
Qe2 {White threatens to win material: Qe2xf2} Qc5 {Twofold repetition} 41. Qf3
(41. g4 Kb7 $16) 41... b5 (41... Ba6 42. a4 $14) 42. Kb1 (42. Kd2 $142 $5 b4
43. Ne2 $16) 42... Ba6 43. g3 Qd4 44. Qf7 {White threatens to win material:
Qf7xc7} Kb7 45. Qd7 Qd3+ {Black forks: g3} 46. Ka1 b4 {Black threatens to win
material: b4xc3} 47. Qc6+ Kb8 48. Qe8+ Ka7 49. axb4 $4 {allows the opponent
back into the game} (49. Qc6 $5 {is worth consideration} bxc3 50. Qxc7+ Bb7 51.
Qxa5+ Ba6 52. Qc7+ Bb7 53. Qxc3 Qxe4 54. Qa5+ Ba6 55. Qc7+ Bb7 56. Qa5+ Ba6 57.
Qc7+ Bb7 58. Qa5+ $11) 49... axb4 (49... Qf1+ $142 50. Ka2 Qc4+ 51. Kb1 axb4
$19) 50. Nb1 $4 {causes further problems for White} (50. Qc6 bxc3 51. Qxc7+ Bb7
52. bxc3 Qxg3 53. Ka2 $15) 50... b3 (50... Bb5 $142 {secures the point} 51. Qh8
Qd1 $19) 51. Qc6 $11 {White threatens to win material: Qc6xc7} Qxe4 52. Qxc7+
Bb7 53. Qxd6 Qxd5 (53... Bxd5 $5 {should be investigated more closely} 54. Qf4
Kb7 $11) 54. Qxd5 $16 Bxd5 {A minor pieces endgame occured} 55. Nc3 {White
threatens to win material: Nc3xd5} Be6 (55... Bc4 $142 $5 $16) 56. Kb1 $18 Kb6
57. Kc1 Kc5 58. Kd1 (58. Ne2 $142 $5 $18) 58... Kd4 59. Kd2 Ke5 (59... Bg8 60.
Ne2+ Ke4 61. Kc3 $16) 60. Ke3 $16 Kf5 61. Kf3 Kg5 (61... Bf7 $5 $16) 62. Ne4+
$18 Kg6 63. g4 Bc4 64. Kf4 {[%cal Yg4g5] White prepares g5} Bd3 65. Nc5 Bc2 66.
Nd7 Bd1 67. g5 Bc2 68. Ne5+ Kg7 69. Ke3 Bf5 70. Kd4 Bc2 71. Kc3 Bd1 72. Kd2 Bc2
73. Kc3 {Twofold repetition} Bd1 74. Kd4 Bc2 75. Kd5 Bf5 76. Nf3 Bc2 77. Ke5
Bg6 78. Nd4 Bf7 79. Kf4 Bc4 80. Nf5+ Kg6 81. Nh4+ Kg7 82. Nf3 Bd5 83. Ne5 Be6
84. Ke4 Bg8 $4 {the final mistake, not that it matters anymore} (84... Bc8 $142
$18) 85. Kf5 {[%cal Yg5g6] White prepares the advance g6} Bd5 86. g6 Bg8 87.
Kg5 Be6 (87... Bd5 {a fruitless try to alter the course of the game} 88. Nd3
Kf8 89. Kf6 Kg8 90. Nf4 Bc4 91. Ne6 Bxe6 92. Kxe6 Kg7 93. Kd5 Kf6 94. Kc4 Kxg6
95. Kxb3 Kg5 96. Ka3 Kf6 97. Kb4 Ke6 98. Kc5 Kd7 99. Kb6 Ke6 100. Kc6 Ke7 101.
b4 Ke8 102. Kc7 Kf7 103. b5 Kg6 104. b6 Kh5 105. Kd6 Kg4 106. b7 Kf4 107. b8=Q
Ke3 108. Qb2 Kf4 109. Qg2 Ke3 110. Qg3+ Ke4 111. Qc3 Kf4 112. Kd5 Kf5 113. Qe5+
Kg6 114. Ke6 Kh7 115. Kf6 Kg8 116. Qh5 Kf8 117. Qh8#) 88. Nc6 Bd5 89. Ne7 Be6
90. Nf5+ Kg8 91. Kf6 Bc4 92. Nh6+ Kh8 93. g7+ Kh7 94. Ng4 Kg8 95. Ne5 Bd5 96.
Nd7 Bc4 97. Nc5 (97. Nb6 Be2 98. Nd5 Bc4 99. Ne7+ Kh7 100. Nc8 Kh6 101. Nd6 Bg8
102. Nf5+ Kh7 103. Ke7 Bc4 104. Ne3 Kxg7 105. Nxc4 Kg6 106. Ke6 Kh7 107. Nd2
Kh6 108. Nxb3 Kg5 109. Nd4 Kf4 110. b4 Ke3 111. b5 Kd3 112. b6 Kxd4 113. b7 Kc5
114. b8=Q Kd4 115. Qe5+ Kc4 116. Qe3 Kb5 117. Kd5 Kb4 118. Qd3 Ka5 119. Kc5 Ka4
120. Qe3 Ka5 121. Qa3#) 97... Bf7 (97... Bd5 {doesn't change anything anymore}
98. Na4 Kh7 99. Nb6 Bg8 100. Nc8 Kh6 101. Ne7 Kh7 102. Nxg8 Kxg8 103. Ke5 Kxg7
104. Kd5 Kf6 105. Kc4 Ke7 106. Kxb3 Kd6 107. Kb4 Kc7 108. Kc5 Kb7 109. Kb5 Kc7
110. Ka6 Kd6 111. Kb6 Kd5 112. b4 Kd6 113. b5 Kd7 114. Ka7 Ke7 115. b6 Kf6 116.
b7 Kf5 117. Kb6 Ke5 118. b8=Q+ Ke4 119. Qg3 Kf5 120. Kc5 Kf6 121. Kd6 Kf5 122.
Qh4 Kg6 123. Ke6 Kg7 124. Qh5 Kg8 125. Kf6 Kf8 126. Qf7#) 98. Ne4 (98. Na4 $5
Bc4 99. Nb6 Ba6 100. Nd5 Bc4 101. Ne7+ Kh7 102. g8=Q+ Bxg8 103. Nxg8 Kxg8 104.
Ke7 Kg7 105. Kd6 Kg6 106. Kc5 Kf5 107. Kc4 Ke5 108. Kxb3 Kd4 109. Kb4 Kd3 110.
Kc5 Ke3 111. b4 Ke2 112. b5 Kf3 113. b6 Ke4 114. Kc4 Kf4 115. b7 Ke5 116. b8=Q+
Kf6 117. Kd5 Kg5 118. Ke5 Kg4 119. Qb3 Kg5 120. Qg3+ Kh6 121. Kf6 Kh7 122. Qg7#
) 98... Bd5 99. Nf2 Bc4 (99... Kh7 {does not win a prize} 100. Ng4 Bg8 101. Ne3
Kh6 102. Nf5+ Kh5 103. Ne7 Bh7 104. g8=Q Bxg8 105. Nxg8 Kg4 106. Ke6 Kh4 107.
Kd5 Kh3 108. Kc5 Kh2 109. Kb4 Kg2 110. Kxb3 Kf3 111. Kc4 Kf4 112. b4 Ke5 113.
Ne7 Kf4 114. b5 Kg3 115. b6 Kh4 116. Kd4 Kg5 117. Ke4 Kh5 118. b7 Kg5 119. b8=Q
Kf6 120. Qe5+ Kf7 121. Kf5 Ke8 122. Ke6 Kd8 123. Qb8#) 100. Ng4 Bd5 (100... Kh7
{doesn't change the outcome of the game} 101. Ne5 Bd5 102. Ng6 Bg8 103. Ne7 Bc4
104. g8=Q+ Bxg8 105. Nxg8 Kxg8 106. Ke6 Kg7 107. Ke5 Kf8 108. Kd5 Kg8 109. Kd6
Kf7 110. Kc5 Kf6 111. Kd4 Kf7 112. Kc3 Kg7 113. Kxb3 Kh6 114. Kc4 Kg6 115. b4
Kf6 116. Kc5 Ke6 117. b5 Kd7 118. b6 Kd8 119. Kd6 Kc8 120. Kc6 Kd8 121. b7 Ke7
122. Kd5 Kf7 123. b8=Q Kf6 124. Qe5+ Kg6 125. Ke6 Kh7 126. Kf7 Kh6 127. Qb5 Kh7
128. Qh5#) 101. Nh6+ Kh7 102. g8=Q+ $1 {a forceful and devastating end.} Bxg8
103. Nxg8 Kxg8 104. Ke5 Kf7 (104... Kg7 {is no salvation} 105. Kd5 Kg6 106. Kc4
Kh5 107. Kxb3 Kg4 108. Kc4 Kf3 109. b4 Ke4 110. b5 Ke5 111. Kc5 Kf4 112. b6 Kf3
113. Kd5 Kg2 114. Kc4 Kf1 115. b7 Kf2 116. b8=Q Kg2 117. Kd4 Kf3 118. Qf8+ Kg3
119. Ke4 Kg2 120. Qb8 Kh3 121. Kf3 Kh4 122. Qe5 Kh3 123. Qh5#) 105. Kd4 Ke6
106. Kc3 Kd5 107. Kxb3 Kc5 108. Ka4 Kc6 109. Ka5 Kb7 110. Kb5 Ka7 (110... Kc7 {
does not solve anything} 111. Ka6 Kc8 112. Kb6 Kb8 113. b3 Ka8 114. b4 Kb8 115.
b5 Kc8 116. Ka7 Kc7 117. b6+ Kd6 118. b7 Ke7 119. Ka6 Kf7 120. b8=Q Kg7 121.
Kb7 Kh6 122. Qe5 Kh7 123. Kc6 Kg8 124. Qg3+ Kf7 125. Qg4 Kf8 126. Qg5 Kf7 127.
Kd6 Kf8 128. Ke6 Ke8 129. Qe7#) 111. Kc6 Ka6 (111... Kb8 {is not the saving
move} 112. b4 Kc8 113. Kb6 Kd7 114. b5 Kd6 115. Kb7 Kd5 116. Kc7 Ke5 117. Kd7
Kf4 118. b6 Kf5 119. Ke7 Kg5 120. b7 Kg4 121. b8=Q Kf3 122. Qh2 Ke3 123. Qb2
Kf3 124. Qd2 Kg4 125. Qe3 Kf5 126. Kf7 Kg4 127. Kf6 Kh4 128. Kf5 Kh5 129. Qg5#)
112. b4 Ka7 113. b5 Ka8 (113... Kb8 {cannot undo what has already been done}
114. Kb6 Kc8 115. Ka7 Kd7 116. b6 Kc6 117. b7 Kb5 118. b8=Q+ Kc5 119. Qb6+ Kd5
120. Qb4 Ke6 121. Qf8 Kd5 122. Qf4 Kc5 123. Qg4 Kb5 124. Qf3 Kb4 125. Qd3 Ka5
126. Qb1 Ka4 127. Kb6 Ka3 128. Kc5 Ka4 129. Qb4#) 114. Kc7 (114. Kc7 Ka7 115.
b6+ Ka6 116. b7 Kb5 117. b8=Q+ Kc5 118. Qd8 Kc4 119. Qd2 Kb3 120. Kc6 Kc4 121.
Kb6 Kb3 122. Kc5 Ka3 123. Kc4 Ka4 124. Qb4#) (114. b6 Kb8 115. b7 Ka7 116. Kc7
Ka6 117. b8=Q Ka5 118. Qb3 Ka6 119. Qb6#) 1-0

[Event "SapporoAutumn2018"]
[Site "?"]
[Date "2018.10.07"]
[Round "3.4"]
[White "NISHIMORI, Toshiyuki"]
[Black "ITO, Katsuhide"]
[Result "1-0"]
[WhiteElo "1797"]
[BlackElo "1321"]
[Annotator "Fritz 15 (30s)"]
[PlyCount "99"]
[SourceVersionDate "2018.10.07"]

{[%mdl 8192] B33: Sicilian: Pelikan and Sveshnikov Variations} 1. e4 c5 2. Nf3
Nc6 3. d4 cxd4 4. Nxd4 Nf6 5. Nc3 e5 6. Ndb5 d6 7. Bg5 a6 8. Na3 b5 9. Bxf6
gxf6 10. Nd5 f5 11. Bd3 Be6 12. Qh5 Bg7 13. O-O h6 (13... Na5 14. c3 Ra7 15.
Nc2 Nc4 16. Ndb4 fxe4 17. Bxe4 d5 18. Bf5 Qd7 19. Bxe6 Qxe6 20. b3 Nb6 21. Ne3
O-O 22. Nf5 Kh8 23. Rae1 f6 24. Re3 Rg8 25. f4 Bf8 26. fxe5 Rg5 27. Nd4 Qg8 28.
Qe2 {Parma,B (2540)-Bhend,E (2345) Buenos Aires 1978 1-0 (36)}) 14. c4 $146 (
14. Rad1 f4 15. c4 bxc4 16. Bxc4 O-O 17. Nc3 Nd4 18. Ne2 Bxc4 19. Nxd4 Bxf1 20.
Nf5 Qg5 21. Qxg5 hxg5 22. Kxf1 Rfd8 23. Ne7+ Kh7 24. g4 Bf6 25. Nd5 Kg7 26. Nc4
a5 27. b3 Rac8 28. a4 Rc5 {Azaric,S (2335)-Stankovic,B (2300) Becici 1993 1/
2-1/2 (59)}) 14... bxc4 15. Nxc4 O-O {White has an active position} 16. Rac1 (
16. Nce3 $5 {looks like a viable alternative} fxe4 17. Bxe4 $11) 16... fxe4 $15
17. Bxe4 {White has a king attack} f5 $4 {Black has let it slip away} (17...
Nd4 18. Ncb6 Ra7 19. Rfd1 $15) 18. Nf6+ $4 {gives the opponent counterplay} (
18. Ncb6 $142 $18 {and White gets the upper hand}) 18... Rxf6 (18... Qxf6 $5 {
might be a viable alternative} 19. Bxc6 Rad8 $11) 19. Bxc6 $14 Rc8 {Black
threatens to win material: Rc8xc6} 20. Bb7 $4 {gives the opponent new chances}
(20. Ne3 $142 {saving the game} Bxa2 21. Bd5+ Bxd5 22. Nxd5 $14) 20... Rxc4 $19
21. Rxc4 Bxc4 22. Rc1 d5 23. b3 Qd7 24. bxc4 Qxb7 25. cxd5 (25. Qe8+ {hardly
improves anything} Kh7 26. Qxe5 dxc4 $19) 25... Qxd5 26. h3 (26. a3 {does not
save the day} Rd6 $19) 26... Kh7 27. Qe2 Rg6 {[%cal Ye5e4] Black plans e4} 28.
f3 (28. g3 {is no salvation} e4 29. Kh2 Rd6 $19) 28... e4 29. f4 (29. fxe4 {
is still a small chance} Bd4+ 30. Kh1 Qxe4 31. Rc7+ Rg7 32. Rxg7+ Kxg7 33. Qf1
$19) 29... Bd4+ 30. Kh2 e3 (30... Qd6 $142 {might be the shorter path} 31. Qf1
Be3 $19) 31. g3 (31. Rc7+ {otherwise it's curtains at once} Rg7 32. Rc2 $19)
31... Rc6 32. Rb1 (32. Rxc6 Qxc6 33. a4 Qxa4 34. Kg1 Qa1+ 35. Kg2 a5 36. g4 Qb2
37. Qxb2 Bxb2 38. Kf3 a4 39. gxf5 a3 40. Kxe3 Bf6 41. Kd3 a2 42. h4 a1=Q 43.
Ke3 Qc3+ 44. Ke2 h5 45. Kf2 Qd3 46. Kg1 Qf3 47. Kh2 Qg4 48. Kh1 Qh3+ 49. Kg1
Bd4#) 32... Rb6 (32... Qe4 33. Rb7+ Kg6 34. h4 Rc2 35. h5+ Kf6 36. Qxc2 Qxc2+
37. Kh3 Qe4 38. Kh2 Qxb7 39. a4 Qf3 40. g4 Qxg4 41. a5 e2 42. Kh1 Qg1#) 33. Rc1
Rb2 34. Rc2 Rb1 (34... Qxa2 $1 35. Rxb2 Qxb2 36. Qxb2 Bxb2 37. Kg2 a5 38. Kf3
a4 39. Kxe3 a3 40. g4 a2 41. Kd3 fxg4 42. hxg4 a1=Q 43. Ke4 Qd1 44. f5 Qd4+ 45.
Kf3 Qd3+ 46. Kf2 Bd4+ 47. Kg2 Qe2+ 48. Kh3 Qf1+ 49. Kg3 Be5+ 50. Kh4 Qh1#) 35.
Qg2 $19 Qxg2+ 36. Kxg2 Rd1 37. Rc7+ (37. Re2 h5 38. Rxe3 Bxe3 39. Kf3 Rg1 40.
Kxe3 Rxg3+ 41. Kf2 h4 42. Ke2 Rxh3 43. Kf1 Rh2 44. a4 h3 45. Kg1 Rd2 46. Kh1
Kg6 47. Kg1 Kh5 48. Kh1 Rd1+ 49. Kh2 Kg4 50. a5 Kf3 51. Kxh3 Rh1#) 37... Kg8
38. Kf3 Rd2 39. g4 Rf2+ 40. Kg3 e2 41. Re7 Kf8 42. Re6 Kf7 43. gxf5 Bc5 44. h4
Bd4 (44... h5 $142 $19 {and Black wins}) 45. h5 Bc5 46. Re5 (46. a3 $19 {
what else?}) 46... Kf6 47. a3 Bd4 48. Re8 (48. a4 Rxf4 49. Rxe2 Be5 $19) 48...
Kxf5 49. a4 Rxf4 50. Rxe2 (50. Rxe2 Be5 51. Kg2 Rxa4 52. Kf2 $19) 1-0

[Event "SapporoAutumn2018"]
[Site "?"]
[Date "2018.10.07"]
[Round "3.5"]
[White "WATANABE, Katsumi"]
[Black "NAKAMURA, Mitsuru"]
[Result "0-1"]
[WhiteElo "1705"]
[BlackElo "1125"]
[Annotator "Fritz 15 (30s)"]
[PlyCount "90"]
[SourceVersionDate "2018.10.07"]

{[%mdl 8192] E60: King's Indian: Unusual lines and Fianchetto Variation
without Nc3} 1. d4 Nf6 2. Nf3 g6 3. c4 Bg7 4. e3 d6 5. Be2 O-O 6. O-O e5 $146 (
6... Bf5 7. d5 (7. Qb3 b6 8. Rd1 Nc6 9. Nc3 Na5 10. Qa4 c5 11. Bd2 Rc8 12. dxc5
bxc5 13. e4 Bd7 14. Qc2 Nc6 15. h3 Ne8 16. Nd5 e6 17. Nf4 Qb6 18. Nd3 e5 19.
Be3 Nf6 20. Nd2 Nd4 21. Bxd4 cxd4 {Hamitevici,V (2490)-Bok,B (2525) Rhodes
2013 1-0 (61)}) 7... c6 8. Nc3 cxd5 9. cxd5 Ne4 10. Nxe4 Bxe4 11. Ng5 Bf5 12.
e4 Bd7 13. Be3 Na6 14. Bxa6 bxa6 15. Bd4 Bxd4 16. Qxd4 Qb6 17. Qd2 Rab8 18. b3
a5 19. Rac1 Rfc8 20. Nf3 a4 21. bxa4 {Sumets,A (2633)-Rambaldi,F (2413)
Wunsiedel 2014 1/2-1/2}) (6... Nc6 7. d5 Nb8 8. Nc3 Na6 9. Nd4 Bd7 10. Bf3 Rb8
11. Rb1 e5 12. dxe6 fxe6 13. b4 Qe7 14. Ndb5 Ne8 15. Bd2 c6 16. Nxa7 Qh4 17. b5
cxb5 18. cxb5 Nc5 19. b6 Be5 20. h3 Ng7 21. a3 {Galliamova,A (2478)
-Guramishvili,S (2370) Chakvi 2015 1-0 (79)}) 7. dxe5 dxe5 8. Qxd8 Rxd8 9. Nxe5
Nbd7 {Black threatens to win material: Nd7xe5} (9... Ne4 10. Nd3 $11) 10. Nf3 (
10. Nxd7 Bxd7 11. Nc3 Be6 $14) 10... Ne4 11. Rd1 b6 12. Nbd2 {White threatens
to win material: Nd2xe4} Bb7 13. Nb3 (13. Nxe4 Bxe4 14. Nd4 c5 $11) 13... a5
$11 14. Nbd4 Ndc5 15. Rb1 f5 {White has a cramped position} 16. Bd2 Kf7 {
Black king safety dropped} (16... Nxd2 17. Rxd2 Rd7 18. Rbd1 $11) 17. Be1 $14
h5 18. a3 a4 {White has a cramped position} 19. Bb4 Nb3 (19... Rac8 20. Nb5
Rxd1+ 21. Rxd1 Bxb2 22. Nfd4 $11) 20. Nxb3 (20. Nb5 $5 c5 21. Bc3 $16) 20...
axb3 $11 21. c5 (21. Be1 Bf6 $11) 21... bxc5 $15 22. Bc4+ {A valuable piece} (
22. Rxd8 Rxd8 23. Be1 $17) 22... Ke7 $17 23. Be1 (23. Rxd8 $5 Rxd8 24. Ba5 $17)
23... Rxd1 $19 24. Rxd1 Bxb2 25. Nh4 $2 (25. Rb1 Bf6 26. Bxb3 Rxa3 $19) 25...
Nd6 (25... Rxa3 $142 $5 {makes it even easier for Black} 26. Nxg6+ Kf6 27. Nf8
$19) 26. Bxb3 Rxa3 27. Bc2 Kf6 28. Nf3 (28. Kf1 c4 29. Bb4 Ra6 $19) 28... Bxf3
(28... Be4 $142 $5 {keeps an even firmer grip} 29. h4 c4 30. Rb1 $19) 29. gxf3
g5 30. Kg2 Bc3 31. e4 $2 (31. Rd3 $142 Nb5 32. Bxc3+ Rxc3 33. Rd2 $17) 31...
Bxe1 $19 32. Rxe1 fxe4 33. fxe4 (33. Bxe4 c4 $19) 33... Ke5 34. f3 (34. Rd1 c6
$19) 34... Ra2 35. Re2 (35. Rc1 {the last chance for counterplay} Nc4 36. Kg1
$19) 35... Nb5 36. Bd3 Rxe2+ 37. Bxe2 Nd4 38. Bd1 (38. Bc4 Kf4 39. e5 Kxe5 40.
Kg3 Nf5+ 41. Kf2 $19) 38... Kf4 (38... c4 39. Kf2 Kf4 $19) 39. h3 c4 40. h4 (
40. Kf2 {doesn't get the cat off the tree} c3 41. e5 Kxe5 42. Ke1 c2 43. Bxc2
Nxc2+ 44. Ke2 Nd4+ 45. Ke3 h4 46. Kd2 Nxf3+ 47. Kd3 g4 48. Ke3 Ne1 49. hxg4 h3
50. g5 h2 51. g6 h1=Q 52. g7 Qf3+ 53. Kd2 Qf2+ 54. Kd1 Nf3 55. Kc1 Nd4 56. Kd1
Qc2+ 57. Ke1 Qe2#) 40... gxh4 41. Kh3 (41. Kg1 {does not solve anything} c3 42.
Kh2 c2 43. Bxc2 Nxc2 44. Kg1 Nd4 45. Kf2 h3 46. e5 h4 47. e6 Nxe6 48. Ke2 h2
49. Kd2 h1=Q 50. Kc2 Qxf3 51. Kb1 Nd4 52. Kc1 Qb3 53. Kd2 Qc2+ 54. Ke1 Qe2#)
41... c3 42. Kxh4 (42. e5 {doesn't improve anything} Kxe5 43. Kxh4 c2 44. Bxc2
Nxc2 45. Kg5 Nd4 46. f4+ Ke4 47. Kh4 Kxf4 48. Kh3 c5 49. Kg2 h4 50. Kf1 Kf3 51.
Kg1 c4 52. Kh2 c3 53. Kh3 c2 54. Kxh4 c1=Q 55. Kh5 Qg1 56. Kh6 Ne6 57. Kh7 Qg7#
) 42... c2 43. Bxc2 Nxc2 44. Kxh5 (44. Kh3 {is not much help} Nd4 45. e5 c5 46.
Kg2 h4 47. Kh3 c4 48. e6 Nxe6 49. Kxh4 c3 50. Kh5 c2 51. Kg6 c1=Q 52. Kf7 Kf5
53. Ke7 Qc7+ 54. Ke8 Qd8+ 55. Kf7 Qf8#) 44... Nd4 45. Kg6 (45. e5 {doesn't get
the bull off the ice} c5 46. Kg6 Kxe5 47. Kg5 c4 48. f4+ Ke6 49. Kh5 c3 50. Kg4
c2 51. f5+ Nxf5 52. Kf3 c1=Q 53. Ke2 Qc2+ 54. Kf3 Qd2 55. Kg4 Qe3 56. Kh5 Qf4
57. Kg6 Qh6#) 45... Ke5 (45... Ke5 46. Kh5 c5 47. f4+ Kxf4 48. e5 Kxe5 49. Kg6
c4 50. Kh6 c3 51. Kg6 c2 52. Kg7 c1=Q 53. Kg6 Qc7 54. Kg5 Qg7+ 55. Kh5 Kf4 56.
Kh4 Qh7#) (45... Nxf3 46. Kf6 c5 47. Kf7 c4 48. Ke7 c3 49. Kd6 c2 50. Kc5 c1=Q+
51. Kb6 Nd4 52. Ka5 Qb1 53. Ka6 Qb5+ 54. Ka7 Nc6+ 55. Ka8 Qb8#) 0-1

[Event "SapporoAutumn2018"]
[Site "?"]
[Date "2018.10.07"]
[Round "3.6"]
[White "TAKEUCHI, Hiroshi"]
[Black "KOBAYASHI, Katsuhiko"]
[Result "0-1"]
[WhiteElo "1248"]
[BlackElo "1488"]
[Annotator "Fritz 15 (30s)"]
[PlyCount "84"]
[SourceVersionDate "2018.10.07"]

{[%mdl 8192] A40: Unusual replies to 1 d4} 1. d4 b6 2. c4 Bb7 3. Nc3 e6 4. e3
Bb4 5. Bd2 (5. Nge2 f5 6. a3 Bd6 7. d5 Nf6 8. g3 a5 9. Bg2 Na6 10. O-O O-O 11.
b3 Nc5 12. Bb2 Qe7 13. Nd4 Nce4 14. Nxe4 fxe4 15. dxe6 dxe6 16. Qc2 e5 17. Nb5
Qf7 18. Rad1 Rad8 19. Rd2 Bc6 {Gurevich,M (2625)-Kengis,E (2590) Tilburg 1992
1/2-1/2 (44)}) 5... Nf6 $146 (5... f5 6. Nf3 Nf6 7. g3 (7. a3 Be7 8. Bd3 O-O 9.
O-O d6 10. Qe2 Ne4 11. Be1 Nd7 12. Rc1 Ndf6 13. Nd2 Nxc3 14. Rxc3 Ne4 15. Rc1
Bf6 16. Nxe4 fxe4 17. Bb1 d5 18. c5 a5 19. b4 c6 20. Qg4 Bc8 21. Qh5 Ba6 {
Ushakova,I (2182)-Ivanov,J (2382) Riazan 2007 0-1 (46)}) 7... Bxc3 8. Bxc3 Ne4
9. Rc1 d6 10. Bg2 Nd7 11. d5 Nxc3 12. Rxc3 e5 13. e4 fxe4 14. Nd2 Nf6 15. Nxe4
O-O 16. O-O Qe7 17. Ng5 Bc8 18. f4 Bg4 19. Bf3 Bd7 20. Re3 {Yanchenko,R (2384)
-Pridorozhni,A (2569) Vladivostok 2015 0-1 (75)}) 6. Bd3 $4 {releasing the
pressure on the opponent} (6. f3 $142 $11 {would bring relief}) 6... Bxc3 (6...
Bxg2 $142 {makes it even easier for Black} 7. Nce2 Bxd2+ 8. Kxd2 Bxh1 9. f3 $19
) 7. Bxc3 Bxg2 8. Nf3 (8. f3 {hoping against hope} Bxh1 9. Qe2 $19) 8... Bxh1
9. Kd2 Bxf3 10. Qxf3 d5 11. Rg1 g6 12. Qf4 (12. Kc2 {cannot undo what has
already been done} c6 $19) 12... Ne4+ (12... Nbd7 $142 {and Black wins} 13. c5
$19) 13. Bxe4 dxe4 14. Qxe4 Nd7 15. d5 (15. Ke2 $19 {doesn't get the cat off
the tree}) 15... f5 (15... O-O $142 $19 {and Black has it in the bag}) 16.
Qxe6+ $11 Qe7 17. Bxh8 Qxe6 18. dxe6 Nc5 19. Bf6 $4 {not a good decision,
because now the opponent is right back in the game} (19. Ke2 $142 $11 {was
necessary}) 19... Ne4+ $19 20. Kd3 Nxf6 21. Kd4 (21. Ke2 {does not win a prize}
Rd8 $19) 21... Ke7 (21... Rd8+ {seems even better} 22. Kc3 Ne4+ 23. Kb3 Rd3+
24. Ka4 Nxf2 25. Kb5 Rxe3 26. h4 $19) 22. Ke5 (22. f3 {doesn't do any good}
Kxe6 23. b3 Rd8+ 24. Kc3 f4 $19) 22... Ng4+ 23. Kf4 (23. Kd5 {cannot change
destiny} Rd8+ 24. Kc6 Rd2 $19) 23... Kxe6 (23... Nxf2 $142 $5 {keeps an even
firmer grip} 24. Kf3 Nd3 25. b3 $19) 24. e4 Nxf2 25. exf5+ gxf5 26. Rg7 Nd3+
27. Kg5 (27. Kf3 {cannot change what is in store for White} Nxb2 28. Rxc7 h5
$19) 27... f4 (27... Rf8 28. Kh4 f4 29. Rg1 Nxb2 30. Re1+ Kf5 31. Kh3 $19) 28.
Kg4 Rf8 29. Kf3 Nxb2 30. Rxh7 (30. Rxc7 {desperation} Rf7 31. Rc8 $19) 30...
Nxc4 31. Rh6+ Kf5 32. Rh5+ Kg6 33. Rd5 c5 (33... Rf5 $142 {might be the
shorter path} 34. Rd1 $19) 34. h4 (34. h3 {doesn't change anything anymore} Rf5
35. Rd1 Ne5+ 36. Ke4 f3 $19) 34... Rf5 35. Rd8 (35. Rd1 {is not the saving move
} Ne5+ 36. Kg2 Rh5 $19) 35... Ne5+ 36. Kf2 f3 37. Rg8+ Kf7 38. Rg3 c4 (38...
Nd3+ 39. Kg1 c4 40. Rg4 c3 41. Rc4 Rc5 42. Rd4 c2 43. Rd7+ Ke6 44. Rxd3 c1=Q+
45. Kf2 Qc2+ 46. Kxf3 Qxd3+ 47. Kg4 Rf5 48. h5 Qf3+ 49. Kh4 Rxh5#) 39. Rg5 Rxg5
40. hxg5 (40. Ke3 {doesn't change the outcome of the game} Rg4 41. a4 c3 42. a5
c2 43. Kd2 Rg2+ 44. Ke3 c1=Q+ 45. Kd4 Rg4+ 46. Kxe5 Qc5#) 40... c3 41. Ke3 (41.
Kg3 {cannot undo what has already been done} c2 42. g6+ Kxg6 43. Kf4 c1=Q+ 44.
Kxe5 Qd2 45. Ke6 f2 46. a4 f1=Q 47. Ke5 Qf5#) 41... c2 42. Kd2 (42. g6+ {
does not improve anything} Kxg6 43. Kd2 f2 44. Kxc2 f1=Q 45. Kd2 Qd3+ 46. Ke1
Ng4 47. a4 Qc2 48. a5 bxa5 49. Kf1 Qf2#) 42... f2 (42... f2 43. Kxc2 f1=Q 44.
Kd2 Qd3+ 45. Ke1 Ng4 46. g6+ Kxg6 47. a4 Qc2 48. a5 bxa5 49. Kf1 Qf2#) 0-1